| 000 | 00406nam a22001697a 4500 | ||
|---|---|---|---|
| 005 | 20180820164547.0 | ||
| 008 | 160618b xxu||||| |||| 00| 0 eng d | ||
| 020 | _a81-7866-887-4 | ||
| 041 | _aeng | ||
| 082 |
_b8200 _a658.4012 |
||
| 100 |
_aSrivastava, R.M. _94845 |
||
| 245 | _aInternational Strategic Mgt. | ||
| 260 |
_bHPH _c2004 _adelhi |
||
| 300 | _a492p, | ||
| 650 |
_aManagement _9241 |
||
| 942 | _cBK | ||
| 999 |
_c3152 _d3151 |
||